[Event "XVI Open Internacional Gros Xa"]
[Site "Donostia - San Sebastin"]
[Date "2006.09.28"]
[Round "8.4"]
[White "Calderon Vallejo, Jonathan"]
[Black "Argandona Rivero, Inigo"]
[Result "0-1"]
[WhiteElo "2029"]
[BlackElo "2366"]
[PlyCount "77"]
[EventDate "2006.09.21"]
[EventRounds "9"]
[EventCountry "AUT"]

1. e4 c5 2. Nc3 g6 3. g3 Bg7 4. Nge2 Nc6 5. Bg2 e6 6. O-O Nge7 7. d3 O-O 8. Bg5
h6 9. Be3 Nd4 10. Qd2 Kh7 11. f4 Qa5 12. e5 Nef5 13. Nxd4 cxd4 14. Ne4 Qb6 15.
Bf2 d5 16. exd6 Nxd6 17. Nxd6 Qxd6 18. c3 dxc3 19. bxc3 Rd8 20. Rfd1 Qc7 21.
Rab1 Rd7 22. Rb3 Qa5 23. Qb2 Rb8 24. Ra3 Qh5 25. Qc2 b6 26. d4 Bb7 27. c4 Bxg2
28. Kxg2 Rc8 29. Rd2 Rdc7 30. Rc3 Rxc4 31. Rxc4 Qd5+ 32. Kg1 Rxc4 33. Qb2 Qc6
34. Rd1 Bxd4 35. Qxd4 Rxd4 36. Rxd4 b5 37. h4 Qc1+ 38. Kg2 Qc2 39. Rd7 0-1

[Event "XVI Open Internacional Gros Xa"]
[Site "Donostia - San Sebastin"]
[Date "2006.09.28"]
[Round "8.5"]
[White "Riesco Lekuona, Juan Manuel"]
[Black "Aabling-Thomsen, Jakob"]
[Result "0-1"]
[WhiteElo "1974"]
[BlackElo "2271"]
[PlyCount "40"]
[EventDate "2006.09.21"]
[EventRounds "9"]
[EventCountry "AUT"]

1. e4 c5 2. Nf3 Nf6 3. Nc3 Nc6 4. d4 d5 5. exd5 Nxd5 6. Nxd5 Qxd5 7. Be3 cxd4
8. Nxd4 a6 9. c3 e5 10. Nxc6 Qxc6 11. Qh5 Bd6 12. Rd1 Be6 13. a3 O-O-O 14. Be2
Qxg2 15. Bf3 Qg6 16. Qh4 Bb3 17. Rd2 Bc7 18. Qb4 Rxd2 19. Qxb7+ Kd7 20. Bxd2
Qb1+ 0-1

[Event "XVI Open Internacional Gros Xa"]
[Site "Donostia - San Sebastin"]
[Date "2006.09.28"]
[Round "8.9"]
[White "Galarraga Lasa, Jon Gurutz"]
[Black "Sanz Perez, Eduardo"]
[Result "0-1"]
[WhiteElo "1844"]
[BlackElo "2182"]
[PlyCount "72"]
[EventDate "2006.09.21"]
[EventRounds "9"]
[EventCountry "AUT"]

1. e4 e6 2. d4 d5 3. Nd2 c5 4. exd5 Qxd5 5. dxc5 Bxc5 6. Ngf3 Nf6 7. Bc4 Qh5 8.
Qe2 O-O 9. Nb3 Bd6 10. h3 b5 11. Bxb5 Bb7 12. Bd3 e5 13. Nbd2 e4 14. Nxe4 Bxe4
15. Bxe4 Re8 16. Bxa8 Rxe2+ 17. Kxe2 Na6 18. Rd1 Qb5+ 19. Ke1 Nc7 20. Nd4 Qe5+
21. Ne2 Nxa8 22. Bf4 Qa5+ 23. Bd2 Qc7 24. Nc3 Nb6 25. Nb5 Qe7+ 26. Kf1 Bc5 27.
b4 Qd7 28. bxc5 Qxb5+ 29. Kg1 Qxc5 30. Bf4 h6 31. Rd8+ Kh7 32. Rad1 Nbd5 33.
Bd6 Qxc2 34. Re1 Ne4 35. Rf1 Qxa2 36. f3 Ne3 0-1

[Event "XVI Open Internacional Gros Xa"]
[Site "Donostia - San Sebastin"]
[Date "2006.09.28"]
[Round "8.10"]
[White "Torres, Patrice"]
[Black "Juez Villar, Erik"]
[Result "1-0"]
[WhiteElo "2040"]
[BlackElo "1781"]
[PlyCount "31"]
[EventDate "2006.09.21"]
[EventRounds "9"]
[EventCountry "AUT"]

1. d4 Nf6 2. c4 e6 3. Nf3 b6 4. g3 Bb7 5. Bg2 Be7 6. O-O O-O 7. Nc3 Na6 8. b3
Qc8 9. Bb2 d5 10. Ne5 dxc4 11. Nc6 Bd6 12. Nb5 Bxc6 13. Bxc6 cxb3 14. axb3 Nb4
15. Bxa8 Qxa8 16. Rxa7 1-0

[Event "XVI Open Internacional Gros Xa"]
[Site "Donostia - San Sebastin"]
[Date "2006.09.28"]
[Round "8.11"]
[White "Izagirre Alsua, Aritz"]
[Black "Mendikute Fierro, Claudio"]
[Result "0-1"]
[WhiteElo "1720"]
[BlackElo "2027"]
[PlyCount "62"]
[EventDate "2006.09.21"]
[EventRounds "9"]
[EventCountry "AUT"]

1. e4 e6 2. d4 d5 3. Nc3 Bb4 4. e5 c5 5. a3 Ba5 6. Be3 cxd4 7. Bxd4 Nc6 8. Bb5
Nge7 9. b4 Bc7 10. f4 O-O 11. Bf2 a5 12. Rb1 axb4 13. axb4 f6 14. exf6 Rxf6 15.
g3 e5 16. Nce2 exf4 17. Nxf4 Bxf4 18. gxf4 Rxf4 19. Ne2 Rxf2 20. Kxf2 Qb6+ 21.
Kg2 Qxb5 22. Ng3 Nf5 23. Qe1 Bd7 24. Nxf5 Bxf5 25. Rf1 Be4+ 26. Kg3 Ra3+ 27.
Kh4 Qb6 28. Rb3 Qd8+ 29. Kg4 Rxb3 30. cxb3 Ne5+ 31. Kh3 Qd7+ 0-1

[Event "XVI Open Internacional Gros Xa"]
[Site "Donostia - San Sebastin"]
[Date "2006.09.29"]
[Round "9.2"]
[White "Rizouk, Aimen"]
[Black "Argandona Rivero, Inigo"]
[Result "1-0"]
[WhiteElo "2447"]
[BlackElo "2366"]
[PlyCount "119"]
[EventDate "2006.09.21"]
[EventRounds "9"]
[EventCountry "AUT"]

1. e4 c5 2. Nf3 d6 3. d4 cxd4 4. Nxd4 Nf6 5. Nc3 g6 6. Be2 Bg7 7. O-O O-O 8.
Nb3 Nc6 9. Bg5 Be6 10. Qd2 a5 11. a4 Bxb3 12. cxb3 Nb4 13. Rad1 Rc8 14. Bc4 Qc7
15. Rfe1 b6 16. h3 Qb8 17. f4 Rc5 18. Bh4 Qc7 19. Bf2 Bh6 20. Be3 Nh5 21. Qf2
d5 22. exd5 Bxf4 23. Bxf4 Nxf4 24. d6 Nxh3+ 25. gxh3 Rg5+ 26. Kh2 exd6 27. Nb5
Qb8 28. Qf4 d5 29. Qxb8 Rxb8 30. Bf1 Rf5 31. Rd2 Rf3 32. Nd4 Rf6 33. Bg2 Kf8
34. Red1 Rd8 35. Nb5 Rf4 36. Nc3 d4 37. Ne2 Rf6 38. Nxd4 Re8 39. Nc2 Nxc2 40.
Rxc2 Re3 41. Bd5 h5 42. Rdd2 Kg7 43. Rc3 Re1 44. Rc6 Rxc6 45. Bxc6 Re6 46. Bd5
Rd6 47. Kg3 g5 48. Rd3 f5 49. Bc4 h4+ 50. Kf3 Rxd3+ 51. Bxd3 Kf6 52. Ke3 Ke5
53. Be2 Kd5 54. Bf3+ Kc5 55. Be2 Kb4 56. Bc4 g4 57. Kf4 gxh3 58. Kf3 Kc5 59.
Kf2 Kb4 60. Kg1 1-0

[Event "XVI Open Internacional Gros Xa"]
[Site "Donostia - San Sebastin"]
[Date "2006.09.29"]
[Round "9.3"]
[White "Meijers Vi, Sturs"]
[Black "Aabling-Thomsen, Jakob"]
[Result "1-0"]
[WhiteElo "2474"]
[BlackElo "2271"]
[PlyCount "91"]
[EventDate "2006.09.21"]
[EventRounds "9"]
[EventCountry "AUT"]

1. e4 c5 2. Nf3 Nf6 3. Nc3 d5 4. exd5 Nxd5 5. d4 Bg4 6. dxc5 e6 7. Bb5+ Nc6 8.
Nxd5 exd5 9. b4 a5 10. O-O axb4 11. Qe1+ Be7 12. Ne5 Bd7 13. Nxd7 Qxd7 14. Bg5
f6 15. Bd2 Kf7 16. Bxb4 Qg4 17. c3 Rhd8 18. h3 Qf4 19. a4 Rac8 20. Rd1 Qc7 21.
Kh1 Ne5 22. f4 Ng6 23. c4 Bxc5 24. cxd5 Qe7 25. Qe6+ Kf8 26. Ba5 b6 27. Bxb6
Bxb6 28. Qxb6 Rd6 29. Bc6 Qe4 30. Qc5 Rcd8 31. Rde1 Qd3 32. Qb4 Ne7 33. Rf3 Qa6
34. Rc3 Qa7 35. Rce3 Nf5 36. Re6 Qf2 37. Rxd6 Nxd6 38. Re6 Kf7 39. Rxd6 Rxd6
40. Qxd6 h5 41. Qe6+ Kg6 42. Qe4+ Kh6 43. Be8 f5 44. Qe6+ Kh7 45. Bg6+ Kh8 46.
Qe8# 1-0

[Event "XVI Open Internacional Gros Xa"]
[Site "Donostia - San Sebastin"]
[Date "2006.09.29"]
[Round "9.4"]
[White "Tung, Kai Ming"]
[Black "Rodriguez Gonzalez, Javier"]
[Result "0-1"]
[WhiteElo "2080"]
[BlackElo "2222"]
[PlyCount "76"]
[EventDate "2006.09.21"]
[EventRounds "9"]
[EventCountry "AUT"]

1. e4 e6 2. d4 d5 3. e5 c5 4. c3 Bd7 5. Nf3 Qb6 6. Be2 Nc6 7. O-O a5 8. a3 a4
9. dxc5 Bxc5 10. c4 dxc4 11. Nbd2 Na5 12. Bxc4 Ne7 13. Qe2 Nxc4 14. Nxc4 Qa6
15. Be3 Bb5 16. Bxc5 Bxc4 17. Qe4 Bxf1 18. Rxf1 Qc6 19. Qb4 Nd5 20. Qd4 Rd8 21.
Bd6 f6 22. Qg4 Qd7 23. Re1 f5 24. Qh4 Rc8 25. Nd4 Rc4 26. Qh5+ g6 27. Qd1 h6
28. g3 Kf7 29. Qd3 Rhc8 30. Qd2 Kg7 31. Rd1 Ne7 32. Kg2 Kh7 33. h4 Nc6 34. Nf3
Nd8 35. Qxh6+ Kxh6 36. Bf8+ Qg7 37. Bxg7+ Kxg7 38. Rd7+ Kg8 0-1

[Event "XVI Open Internacional Gros Xa"]
[Site "Donostia - San Sebastin"]
[Date "2006.09.29"]
[Round "9.5"]
[White "Sanz Perez, Eduardo"]
[Black "Pinilla Santibanez, Roberto"]
[Result "0-1"]
[WhiteElo "2182"]
[BlackElo "2114"]
[PlyCount "82"]
[EventDate "2006.09.21"]
[EventRounds "9"]
[EventCountry "AUT"]

1. f4 d5 2. Nf3 g6 3. e3 Bg7 4. d4 Nf6 5. Bd3 O-O 6. Ne5 Nbd7 7. Nd2 Nxe5 8.
fxe5 Ng4 9. Nf3 f6 10. h3 Nh6 11. exf6 exf6 12. O-O Qd6 13. c3 Re8 14. Qb3 c6
15. e4 Nf7 16. exd5 cxd5 17. Bd2 Bh6 18. Rf2 Be6 19. Raf1 a6 20. Ne1 b5 21. Bf4
Qd7 22. Be2 Bf5 23. Qa3 Bf8 24. Qb3 Re6 25. Bd2 Bg7 26. g4 Be4 27. Nd3 Bxd3 28.
Bxd3 Rae8 29. Rh2 R6e7 30. Kh1 Ng5 31. Bxg5 fxg5 32. Qd1 Re3 33. Bc2 Qe6 34.
Bb3 Qe4+ 35. Rg2 Rxh3+ 36. Kg1 Qe6 37. Qd2 Re3 38. Qf2 Re4 39. Kh1 Rf8 40. Qg1
Rxf1 41. Qxf1 Re1 0-1

[Event "XVI Open Internacional Gros Xa"]
[Site "Donostia - San Sebastin"]
[Date "2006.09.29"]
[Round "9.6"]
[White "Garcia Castro, Pablo"]
[Black "Tung, Siu Hung"]
[Result "1-0"]
[WhiteElo "2336"]
[BlackElo "2002"]
[PlyCount "133"]
[EventDate "2006.09.21"]
[EventRounds "9"]
[EventCountry "AUT"]

1. g3 d6 2. Bg2 g6 3. e4 Bg7 4. d4 Nf6 5. Nc3 O-O 6. Nge2 Na6 7. h3 c5 8. Be3
Rb8 9. a4 b6 10. O-O Bb7 11. g4 cxd4 12. Bxd4 Nc5 13. Ng3 h6 14. Qd2 Qc8 15.
Rfe1 Rd8 16. a5 Kh7 17. Ra3 Qc6 18. axb6 axb6 19. Nd5 e5 20. Nxf6+ Bxf6 21. Be3
Bg7 22. Rd1 Bf8 23. h4 Bc8 24. Bf3 Qb7 25. h5 g5 26. Rda1 Qe7 27. b4 Ne6 28.
Nf5 Qf6 29. Be2 Ng7 30. Nxg7 Kxg7 31. Ra7 Rd7 32. f3 Rxa7 33. Rxa7 Be6 34. Kg2
Qd8 35. c4 Kg8 36. b5 Be7 37. Qa2 Kf8 38. Qa6 Bc8 39. Qa2 Be6 40. Kf2 Qc8 41.
Bd3 Bd8 42. Ke2 Rb7 43. Ra6 Rb8 44. Kd2 Bd7 45. Qa3 Ke7 46. Ra7 Rb7 47. Qa6 Rc7
48. Rxc7 Qxc7 49. Qa3 Be6 50. Kc3 Ke8 51. Qa4 d5 52. exd5 Bxd5 53. c5 Bf6 54.
Kd2 Bxf3 55. cxb6 Qb7 56. Qc4 Bd5 57. Qc5 Be7 58. Qc7 Bd8 59. Qxe5+ Be6 60.
Qh8+ Kd7 61. Qxh6 Bxg4 62. Qc6+ Qxc6 63. bxc6+ Kxc6 64. h6 Bf6 65. Be4+ Kd7 66.
b7 Be5 67. h7 1-0

[Event "XVI Open Internacional Gros Xa"]
[Site "Donostia - San Sebastin"]
[Date "2006.09.29"]
[Round "9.7"]
[White "Mendikute Fierro, Claudio"]
[Black "Torres, Patrice"]
[Result "0-1"]
[WhiteElo "2027"]
[BlackElo "2040"]
[PlyCount "44"]
[EventDate "2006.09.21"]
[EventRounds "9"]
[EventCountry "AUT"]

1. e4 e6 2. d4 d5 3. Nc3 Bb4 4. Nge2 dxe4 5. a3 Be7 6. Nxe4 Nc6 7. Be3 Nf6 8.
N2g3 Nd5 9. c4 Nxe3 10. fxe3 O-O 11. Ne2 f5 12. Nf2 Bg5 13. Qd2 e5 14. d5 Ne7
15. Nh3 Bf6 16. g3 Qd6 17. Qb4 Bd7 18. Bg2 a5 19. Qxd6 cxd6 20. a4 Rac8 21. b3
f4 22. O-O-O f3 0-1

[Event "XVI Open Internacional Gros Xa"]
[Site "Donostia - San Sebastin"]
[Date "2006.09.29"]
[Round "9.9"]
[White "Hernandez Lopez, Daniel"]
[Black "Saenz Zabala, Juan Ignacio"]
[Result "0-1"]
[WhiteElo "2002"]
[BlackElo "1850"]
[PlyCount "66"]
[EventDate "2006.09.21"]
[EventRounds "9"]
[EventCountry "AUT"]

1. e4 c5 2. Nf3 Nf6 3. d3 Nc6 4. g3 e6 5. Bg2 Be7 6. O-O O-O 7. Re1 e5 8. Nc3
d6 9. Bg5 Be6 10. Qd2 Qd7 11. Nd1 h6 12. Be3 Rad8 13. c4 a6 14. a4 Bh3 15. Nh4
Nd4 16. Bxd4 cxd4 17. Nf5 Bxf5 18. exf5 b6 19. Bh3 Rfe8 20. f4 Qc7 21. Nf2 a5
22. g4 d5 23. fxe5 Bb4 24. Qf4 Bxe1 25. Rxe1 dxc4 26. dxc4 Qxc4 27. Rc1 Nd5 28.
Qd2 Qxa4 29. f6 Rxe5 30. fxg7 Ne3 31. Nd1 Kxg7 32. Nxe3 Rxe3 33. Bf1 Qd7 0-1

[Event "XVI Open Internacional Gros Xa"]
[Site "Donostia - San Sebastin"]
[Date "2006.09.29"]
[Round "9.10"]
[White "Iglesias Gonzalez, Veronica"]
[Black "Riesco Lekuona, Juan Manuel"]
[Result "1-0"]
[WhiteElo "1728"]
[BlackElo "1974"]
[PlyCount "127"]
[EventDate "2006.09.21"]
[EventRounds "9"]
[EventCountry "AUT"]

1. d4 Nf6 2. c4 g6 3. Nc3 Bg7 4. e4 d6 5. Nf3 Nbd7 6. h3 O-O 7. Bg5 h6 8. Bh4
g5 9. Bg3 Nh5 10. Bd3 Nxg3 11. fxg3 e5 12. d5 Nc5 13. Bc2 a5 14. Qe2 Qe7 15.
O-O-O Bd7 16. Rdf1 Rab8 17. Nh2 f6 18. h4 Qe8 19. hxg5 fxg5 20. Rxf8+ Bxf8 21.
Ng4 Bxg4 22. Qxg4 Qf7 23. Nb5 c6 24. Nxd6 Bxd6 25. Rxh6 Qf1+ 26. Bd1 Qxc4+ 27.
Bc2 Qf1+ 28. Bd1 Bf8 29. Rg6+ Bg7 30. Rxg5 Qf7 31. Rf5 Qd7 32. dxc6 Qxc6 33.
Bc2 Rc8 34. Kb1 Ne6 35. Rf2 Nd4 36. Bb3+ Nxb3 37. axb3 b5 38. Rd2 a4 39. bxa4
b4 40. Rd3 Qc2+ 41. Ka2 Qxa4+ 42. Ra3 b3+ 43. Kb1 Qc6 44. Rxb3 Qc1+ 45. Ka2 Qc4
46. Qf3 Ra8+ 47. Kb1 Rf8 48. Qe3 Kh7 49. g4 Rf1+ 50. Ka2 Rf4 51. Qh3+ Kg8 52.
Qh5 Rf8 53. Qh3 Ra8+ 54. Kb1 Qxe4+ 55. Qd3 Qxg2 56. Rc3 Qg1+ 57. Rc1 Qd4 58.
Qb3+ Kh7 59. Rh1+ Kg6 60. Qe6+ Bf6 61. Qf5+ Kf7 62. Rh7+ Ke8 63. Qe6+ Kd8 64.
Qg8# 1-0